Представление документа в формате RUSMARC

ПолеНазваниеЗначение
  Тип записи a
  Библиографический уровень m
001 Контрольный номер RU/SLIB/B/208726802
005 Дата корректировки 20230403163431.1
010 Индекс ISBN __
a ISBN 5-88590-831-1
d Цена 45-00
101 Язык документа 0_
a Язык текста rus
c Язык оригинала eng
200 Заглавие и сведения об ответственности 0_
a Заглавие Принцесса Диана
f Первые сведения об ответственности В. Берри ; [пер. с англ.: Ю. Гальдберга]
b Общее обозначение материала Текст
210 Выходные данные 1_
a Место издания Смоленск
c Издательство Русич
d Дата издания 1998
215 Физическое описание __
a Объем 303 с., 1 л. портр.
c Иллюстрации/тип воспроизводства фотоил.
225 Серия 2_
a Серия Женщина-миф
330 Аннотация __
a Аннотация О жизни принцессы Уэльской Дианы - самой знаменитой женщине нашей планеты.
600 Персоналии _1
a Персоналии (Фамилия) принцесса Уэльская
600 Персоналии _1
a Персоналии (Фамилия) Диана
c Дополнение к имени принцесса Уэльская
606 Тематические рубрики __
a Основная рубрика История
606 Тематические рубрики __
a Основная рубрика Европа с 1918 г. -
z Хронологическая подрубрика 20 в.
y Географическая подрубрика Англия; Великобритания
610 Ключевые слова 0_
a Ключевые слова персоналии; женщины; биографии; принцессы; документальные повести; тема семьи; придворная жизнь; придворная знать; общественные деятели
686 Индексы других классификаций __
a Классификационный индекс 63.3(4Вел)6-8
700 Автор _1
a Фамилия Берри
b Имя В.
g Полное личное имя Венди
4 Код отношения 070
702 Вторичная интеллектуальная ответственность _1
a Фамилия Гальдберг
b Имя Ю.
4 Код отношения Переводчик
801 Источник записи _0
a Страна RU
b Организация Муниципальное бюджетное учреждение культуры "Централизованная библиотечная система" г. Сургут (Центральная городская библиотека им. А. С. Пушкина)
g Правила каталогизации КиК/Михайлова; КиК/Поспелова
801 Источник записи _1
a Страна RU
b Организация Муниципальное бюджетное учреждение культуры "Централизованная библиотечная система" г. Сургут (Центральная городская библиотека им. А. С. Пушкина)
g Правила каталогизации КиК/Михайлова; КиК/Поспелова
852 Данные о местонахождении __
j Шифр хранения 63.3(4Вел)6-8
c Каталожный индекс 66.3(4Вел); 66.3(4Вел)-8
i Авторский знак Б 51
901 Тип документа __
t Тип документа m
903 Характеристики (МАРС) __
a Дата передачи 20070525
990 Данные о заказе (DOS) __
j Количество экземпляров (DOS) 1
t N записи в КСУ для И/У (DOS) 200706